000 00679nam a2200289Ia 4500
005 20260324125636.0
008 008 260324s9999 xx 000 0 eng d
020 _a9780203928899
037 _aEBOOK
040 _aCRL
040 _beng
040 _cCRL
041 _2eng
041 _aeng
084 _qCRL
100 _aSeyyed Hossein Mousavian
_91178749
245 0 _aIran-Europe Relations
245 0 _bChallenges and Opportunities
260 _bTaylor and Francis
260 _c2008
365 _a
365 _b280
856 _uhttp://www.taylorfrancis.com/books/9780203928899
942 _cEBOOK
999 _c1774208
_d1774208